Photograph by Def Leopard (lyrics) - Statistics

General Stats
  • This quiz has been taken 7 times
  • The average score is 31 of 44
Answer Stats
Hint Answer % Correct
You're all I want, my _______ fantasy
100%
_ gotta have you I
100%
Oh, look what you've done to this ____ '_' ____ clown rock n roll
100%
You're the only one I want to _____ touch
100%
I want to _____ you touch
100%
You're ___ I want, my fantasy all
75%
You make every man feel like a _____, oh child
75%
Oh oh, look what you've ____ done
75%
Oh, look what you've ____ to this rock 'n' roll clown done
75%
Photograph I ___'_ want your dont
75%
So wild and ____, so far from me free
75%
Put your ____ on me, if you dare hurt
75%
Oh oh, ____ what you've done look
75%
You're all wrapped up in _______ mystery
75%
Photograph and I don't ____ your need
75%
__ __, look what you've done Oh oh
75%
Photograph all I've got is your __________ photograph
75%
__________ I don't want your Photograph
75%
__________ and I don't need your Photograph
75%
__________ all I've got is your __________ Photograph
75%
__________ Photograph
75%
__________ your __________ Photograph
75%
__________ Photograph
75%
__________ I wanna touch Photograph
75%
__________ I wanna touch Photograph
75%
__________ Photograph
75%
__________ Photograph
75%
Gotta photograph, _______ of picture
75%
You've gone ________ to my head straight
75%
Such a woman, you got _____ style
75%
Oh, look ____ you've done to this rock 'n' roll clown what
75%
Photograph I don't want ____ your
75%
But it's not _______ enough
50%
So wild and free, so ___ from me far
50%
Photograph all I've ___ is your photograph got
50%
I _____ have you gotta
50%
You got some kinda ____ on me hold
50%
I'd be your _____, if you were there lover
50%
I'm outta ____, outta love luck
50%
On every ____, every magazine page
50%
_______ killer, you're too much Passion
50%
I see your face every time I ____ read
50%
Photograph ___ I don't need your and
25%
__________ I need ____ your only
0%
No matching quizzes found
Score Distribution
Percent of People with Each Score
Percentile by Number Answered
Your Score History
You have not taken this quiz